000 00480 a2200169 4500
003 NUST
005 20251022125721.0
040 _cNust
082 _a621.382,KHA
100 _aKhaliq, NC Obaid (TE-43-B)
_9131448
245 _aDevelopment of drives detection system /
_bUbaid Khaliq, Abdul Haseeb, Muhammad Adnan, Muhammad Massab Shafiq
260 _aRawalpindi
_bMCS
_c2010
300 _a63 p.;
650 _aUG Projects
_998716
651 _aTE-43-B
_9131449
942 _cPR
_2ddc
999 _c188811
_d188811